| 000 | 01297nam a2200301 a 4500 | ||
|---|---|---|---|
| 001 | BRCA_3224 | ||
| 005 | 20190320204155.0 | ||
| 008 | 040309s1780----enk#---###---#000-0#eng-# | ||
| 041 | _aeng | ||
| 044 | _aenk | ||
| 084 |
_a525 _b.M94 _c1780 |
||
| 100 | 1 |
_aCervantes Saavedra, Miguel de _d1547-1616 _9213 |
|
| 245 | 1 | 0 |
_aThe History and Adventures of the Renowned Don Quixote _cTranslated from the Spanish of Miguel de Cervantes Saavedra by Dr. Smollett. |
| 260 |
_aLondres _bMyhew, Isaac _c1780 |
||
| 300 |
_aviii, 388 p. _c26 cm. |
||
| 500 | _aContenido : 1 v. en dos partes. Primera parte. Introducción del traductor. Prólogos a la primera y la segunda parte del autor. Segunda parte. Texto | ||
| 500 | _aReproducción de la traducción de Smollett. Edición económica, de tipos muy pequeños. Semipiel Lúdovik Osterc | ||
| 500 | _aQM1330 | ||
| 546 | _aTexto en : inglés | ||
| 650 | 1 | 4 |
_aNovela española _yÉpoca clásica, 1500-1700 _9215 |
| 650 | 1 | 4 |
_aLiteratura española _yÉpoca clásica, 1500-1700 _9216 |
| 650 | 1 | 4 |
_aNovela española _ySiglo XVII _9217 |
| 650 | 1 | 4 |
_aDon Quijote (Personaje ficticio) _eNovela _9218 |
| 700 | 1 |
_aSmollett, Tobias George _d1721-1771 _eTraductor _98611 |
|
| 740 | 0 | _aEl Ingenioso Hidalgo Don Quijote de la Mancha | |
| 902 | _aQFM | ||
| 942 |
_2lcc _cB |
||
| 999 |
_c2960 _d2960 |
||